Bellman & Black /

Hlavní autor: Setterfield, Diane, 1964-
Další autoři: Klásková, Věra, 1970-
Jazyk: Čeština
Vydáno: Praha : Ikar, 2015
Vydání: Vydání první
Témata:
Fyzický popis: 383 stran ; 21 cm
Knihy
Uloženo v:
LEADER 01452nam a2200433 i 4500
001 nkc20152678959
003 CZ PrNK
005 20150619080747.0
007 ta
008 150218s2015 xr g 000 f cze
015 |a cnb002678959 
020 |a 978-80-249-2752-7  |q (vázáno) 
035 |a (OCoLC)913563779 
040 |a OLA001  |b cze  |d ABA001  |e rda 
041 1 |a cze  |h eng 
072 7 |a 821.111-3  |x Anglická próza, anglicky psaná  |2 Konspekt  |9 25 
080 |a 821.111-31  |2 MRF 
080 |a (0:82-31)  |2 MRF 
100 1 |a Setterfield, Diane,  |d 1964-  |7 mzk2007394884  |4 aut 
240 1 0 |a Bellman & Black.  |l Česky 
245 1 0 |a Bellman & Black /  |c Diane Setterfieldová ; z anglického originálu Bellman & Black ... přeložila Věra Klásková 
246 3 |a Bellman and Black 
246 3 |a Bellman a Black 
250 |a Vydání první 
264 1 |a Praha :  |b Ikar,  |c 2015 
300 |a 383 stran ;  |c 21 cm 
336 |a text  |b txt  |2 rdacontent 
337 |a bez média  |b n  |2 rdamedia 
338 |a svazek  |b nc  |2 rdacarrier 
504 |a Obsahuje bibliografii 
655 7 |a anglické romány  |7 fd131814  |2 czenas 
655 9 |a English fiction  |2 eczenas 
700 1 |a Klásková, Věra,  |d 1970-  |7 xx0002814  |4 trl 
910 2 |a BOA001  |b 2-1348.383 
928 9 |a Euromedia Group - Ikar 
990 |a BK 
995 |a 01 
991 |b 201506  |c NOV  |e b 
996 6 |b 2610634551  |c 2-1348.383  |l MZK  |r Sklad / do 1 hodiny  |n 1  |p p.v.  |w 001508244  |u 000010  |a 1  |e BOA001  |j MZK50  |s P